000 nam a22 a 4500
999 _c3060
_d3060
005 20170519104241.0
008 170519b2014 at ||||| |||| 00| 0 eng d
020 _a9780170233668
040 _aAKMAL
082 _a658.3 NAN
090 _a658.3
_bNAN
245 _aHUMAN RESOURCE MANAGEMENT
_bSTRATEGY AND PRACTICE
_cALAN NANKERVIS,MARIAN BAIRD, JANE COFFEY,JOHN SHIELDS
250 _a8th ED
260 _aAUSTRALIA
_bCENGAGE LEARNING AUSTRALIA
_c2014
300 _a611pg,;
_c25 cm
650 _aHUMAN RESOURCE
_96354
942 _2ddc
_cBOOK